Eco-efficient construction and building materials (Record no. 113166)
[ view plain ]
| 000 -LEADER | |
|---|---|
| fixed length control field | 01803cad a22002535a 4500 |
| 001 - CONTROL NUMBER | |
| control field | L154806 |
| 008 - FIXED-LENGTH DATA ELEMENTS--GENERAL INFORMATION | |
| fixed length control field | 120119s2011 xxk f 000 0 eng d |
| 020 ## - INTERNATIONAL STANDARD BOOK NUMBER | |
| International Standard Book Number | 9780857298928 |
| 035 ## - SYSTEM CONTROL NUMBER | |
| System control number | (Sirsi) u154806 |
| 041 0# - LANGUAGE CODE | |
| Language code of text/sound track or separate title | eng |
| 100 1# - MAIN ENTRY--PERSONAL NAME | |
| Personal name | Torgal, Fernando Pacheco |
| 245 00 - TITLE STATEMENT | |
| Title | Eco-efficient construction and building materials |
| Medium | [electronic resource] |
| 250 ## - EDITION STATEMENT | |
| Edition statement | 1st ed. |
| 260 ## - PUBLICATION, DISTRIBUTION, ETC. | |
| Name of publisher, distributor, etc. | Springer Verlag |
| Date of publication, distribution, etc. | 2011 |
| 300 ## - PHYSICAL DESCRIPTION | |
| Extent | eBook |
| 505 2# - FORMATTED CONTENTS NOTE | |
| Formatted contents note | 1 Introduction -- 2 Toxicity of Construction and Building Materials -- 3 Energy -- 4 Construction and Demolition (C&D) Wastes -- 5 Binders and Concretes -- 6 Masonry Units -- 7 Cement Composites Reinforced with Vegetable Fibres -- 8 Earth Construction -- 9 Durability of Binder Materials -- 10 Nanotechnology Achievements -- 11 Selection Process |
| 520 ## - SUMMARY, ETC. | |
| Summary, etc. | This ebook provides essential reading about materials for the construction industry in the twenty-first century. It covers the latest findings in the field, especially the toxicity aspects, embodied energy, construction and demolition wastes, the use of wastes in concrete, masonry units, materials reinforced with vegetable fibres, earth construction, the durability aspects, and also the importance of nanotechnology to the development of more environmentally-friendly materials. Based on more than nine hundred references, "Eco-efficient Construction and Building Materials" is of fundamental importance to academics, engineers and architects who are dedicated to the creation of a greener and more holistic construction industry. |
| 650 24 - SUBJECT ADDED ENTRY--TOPICAL TERM | |
| Topical term or geographic name entry element | EBOOK |
| 651 #4 - SUBJECT ADDED ENTRY--GEOGRAPHIC NAME | |
| Geographic name | International |
| 690 ## - LOCAL SUBJECT ADDED ENTRY--TOPICAL TERM (OCLC, RLIN) | |
| Topical term or geographic name as entry element | Building materials and defects |
| 700 1# - ADDED ENTRY--PERSONAL NAME | |
| Personal name | Jalali, Said |
| 856 40 - ELECTRONIC LOCATION AND ACCESS | |
| Uniform Resource Identifier | <a href="https://www.vlebooks.com/">https://www.vlebooks.com/</a> |
| Public note | View on VLEbooks. Logins for members only from [email protected] |
| 942 ## - ADDED ENTRY ELEMENTS (KOHA) | |
| Suppress in OPAC | 0 |
| Withdrawn status | Lost status | Source of classification or shelving scheme | Damaged status | Not for loan | Home library | Current library | Shelving location | Date acquired | Total Checkouts | Full call number | Barcode | Date last seen | Copy number | Price effective from | Koha item type |
|---|---|---|---|---|---|---|---|---|---|---|---|---|---|---|---|
| Dewey Decimal Classification | Virtual | Virtual | Online | 19/01/2012 | EBOOK | 154806-1001 | 06/08/2019 | 1 | 06/08/2019 | Book |